| 000 | 00462nam a2200181Ia 4500 | ||
|---|---|---|---|
| 001 | 3061 | ||
| 008 | 140317s9999 xx 000 0 und d | ||
| 020 | _a0-02-306251-7 | ||
| 040 | _cPK-LaUMT | ||
| 082 |
_a 510 _bBAR-C |
||
| 100 | _aBarnett,Ramond A., Author | ||
| 245 |
_aCollege mathematics _cBarnett,Ramond A., Author |
||
| 250 | _a4th | ||
| 260 |
_aUpper Saddle River,USA: _bPrentice Hall, _c1987 |
||
| 546 | _aEN | ||
| 650 | _aBiomethematics | ||
| 942 | _cBK | ||
| 999 |
_c3312 _d3312 |
||